000 00438nam a2200181Ia 4500
001 17705
005 20260306171537.0
008 260306s9999||||xx |||||||||||||| ||und||
041 _aESP
082 _a658.15
_bH81
100 _aHoyos Iruarrizaga, Jon
_eAUT
245 0 _aFinanciación del proceso emprendedor
260 _c2014
300 _a238 pƔginas :
_c24 cm.
650 _aGEN
654 _aCAN
942 _cLIB
_dJUS
_fJUS
_2ddc
_n
999 _c17705
_d17705